| 000 | 005760000a22001810004500 | ||
|---|---|---|---|
| 003 | MACL | ||
| 005 | 20160603160056.0 | ||
| 008 | 160603b xxu||||| |||| 00| 0 eng d | ||
| 040 |
_aMACL _cMACL |
||
| 041 | _aHindi | ||
| 082 | _a920 | ||
| 100 |
_aजोशी, हिमांशु _962180 |
||
| 245 |
_aअमर शहीद अशफाकउल्ला खॉ _cहिमांशु जोशी |
||
| 260 |
_bप्रवीण प्रकाशन _c2005 _aदिल्ली |
||
| 350 | _a150 | ||
| 650 |
_aBiography _962181 |
||
| 942 |
_cHIN _k920/JOS _2ddc |
||
| 999 |
_c11556 _d11556 |
||